000 00215 a2200097 4500
020 _a9780142411766
041 _aeng
100 _aAdler, David
245 _aYoung cam Jansen and the lion's lunch mystery
942 _cBK
999 _c31681
_d31679